Southville International School and Colleges
Your cart is empty.
  • Cart
  • Lists
    Public lists Eva Luna New books Lux_list list_1
    Your lists Log in to create your own lists
  • Log in to your account
  • Your cookies
  • Search history
Southville International School and Colleges
  • Advanced search
  • Recent comments
  • Most popular
  • Libraries

Log in to your account

Log in with GOOGLE


If you do not have an external account, but do have a local account, you can still log in:

  1. Home
  2. MARC view: Modules for basic nursing skills /
Normal view MARC view ISBD view

Modules for basic nursing skills / (Record no. 15508)

[ view plain ]
MARC details
000 -LEADER
fixed length control field 01045pam a2200349 a 4500
003 - CONTROL NUMBER IDENTIFIER
control field OSt
005 - DATE AND TIME OF LATEST TRANSACTION
control field 20140310182736.0
008 - FIXED-LENGTH DATA ELEMENTS--GENERAL INFORMATION
fixed length control field 910517m19929999paua b 001 0 eng c
010 ## - LIBRARY OF CONGRESS CONTROL NUMBER
LC control number 91021752
020 ## - INTERNATIONAL STANDARD BOOK NUMBER
International Standard Book Number 0397549083 (v. 1)
020 ## - INTERNATIONAL STANDARD BOOK NUMBER
International Standard Book Number 9715843107
040 ## - CATALOGING SOURCE
Original cataloging agency DNLM/DLC
Transcribing agency DLC
Modifying agency DLC
050 00 - LIBRARY OF CONGRESS CALL NUMBER
Classification number RT 52
Item number .El44 1996
100 1# - MAIN ENTRY--PERSONAL NAME
Personal name Ellis, Janice Rider.
245 10 - TITLE STATEMENT
Title Modules for basic nursing skills /
Statement of responsibility, etc Janice Rider Ellis, Elizabeth Ann Nowlis, Patricia M. Bentz.
250 ## - EDITION STATEMENT
Edition statement 6th ed.
260 ## - PUBLICATION, DISTRIBUTION, ETC. (IMPRINT)
Place of publication, distribution, etc New York :
Name of publisher, distributor, etc Lippincott,
Date of publication, distribution, etc 1996
300 ## - PHYSICAL DESCRIPTION
Extent v. <1-2 > :
Other physical details ill. ;
Dimensions 28 cm.
521 ## - TARGET AUDIENCE NOTE
Target audience note
650 #0 - SUBJECT ADDED ENTRY--TOPICAL TERM
Topical term or geographic name as entry element Nursing
General subdivision Outlines, syllabi, etc.
650 #0 - SUBJECT ADDED ENTRY--TOPICAL TERM
Topical term or geographic name as entry element Nursing
General subdivision Problems, exercises, etc.
650 #2 - SUBJECT ADDED ENTRY--TOPICAL TERM
Topical term or geographic name as entry element Nursing
General subdivision programmed instruction.
700 1# - ADDED ENTRY--PERSONAL NAME
Personal name Nowlis, Elizabeth Ann.
700 1# - ADDED ENTRY--PERSONAL NAME
Personal name Bentz, Patricia M.
906 ## - LOCAL DATA ELEMENT F, LDF (RLIN)
a 7
b cbc
c orignew
d 1
e ocip
f 19
g y-gencatlg
942 ## - ADDED ENTRY ELEMENTS (KOHA)
Source of classification or shelving scheme Library of Congress Classification
Koha item type Books
Call number prefix Foreign
Holdings
Withdrawn status Lost status Source of classification or shelving scheme Damaged status Home library Current library Shelving location Date acquired Total Checkouts Full call number Barcode Date last seen Copy number Price effective from Koha item type Source of acquisition
    Library of Congress Classification   Archives Archives   12/13/2013   RT 52 .El44 1996 vol.2 C4669 05/15/2018 3 12/13/2013 Books Donation
    Library of Congress Classification   Archives Archives   12/13/2013   RT 52 .El44 1996 vol.2 C4665 05/15/2018 1 12/13/2013 Books Donation
    Library of Congress Classification   Archives Archives   12/13/2013   RT 52 .El44 1996 vol.2 C1319 05/15/2018 2 12/13/2013 Books Donation
    Library of Congress Classification   Archives Archives   12/13/2013   RT 52 .El44 1996 vol.2 C4666 05/15/2018 3 12/13/2013 Books Donation
    Library of Congress Classification   Archives Archives   12/13/2013   RT 52 .El44 1996 vol.2 C4667 05/15/2018 4 12/13/2013 Books Donation
    Library of Congress Classification   College Library College Library General Circulation Section 12/13/2013   RT 52 .El44 1996 vol.1 C4661 05/15/2018 1 12/13/2013 Books  
    Library of Congress Classification   College Library College Library General Circulation Section 12/13/2013   RT 52 .El44 1996 vol.2 C4668 05/15/2018 2 12/13/2013 Books  

Modules for basic nursing skills /

APA

Ellis J. R., Nowlis E. A. & Bentz P. M. (1996). Modules for basic nursing skills. New York: Lippincott.

Chicago

Ellis Janice Rider, Nowlis Elizabeth Ann and Bentz Patricia M. 1996. Modules for basic nursing skills. New York: Lippincott.

Harvard

Ellis J. R., Nowlis E. A. and Bentz P. M. (1996). Modules for basic nursing skills. New York: Lippincott.

MLA

Ellis Janice Rider, Nowlis Elizabeth Ann and Bentz Patricia M. Modules for basic nursing skills. New York: Lippincott. 1996.

  • Place hold
  • Print
  • Cite
  • Add to your cart (remove)
  • Save record
    BIBTEX Dublin Core MARCXML MARC (non-Unicode/MARC-8) MARC (Unicode/UTF-8) MARC (Unicode/UTF-8, Standard) MODS (XML) RIS
  • More searches
    Search for this title in:
    Other Libraries (WorldCat) Other Databases (Google Scholar) Online Stores (Bookfinder.com) Open Library (openlibrary.org)

Exporting to Dublin Core...

SOUTHVILLE LIBRARY

Southville International School and Colleges Library

1281 Tropical Ave. Cor. Luxembourg St., BF Homes International, Las Pinas City

Tel. No. 8256374 / 252358 Loc. 117/146

Powered by Koha